Normal view
MARC view
Entry Personal Name
001 - CONTROL NUMBER
- control field: 1293
003 - CONTROL NUMBER IDENTIFIER
- control field: BD-RjUL
005 - DATE AND TIME OF LATEST TRANSACTION
- control field: 20220214095209.0
008 - FIXED-LENGTH DATA ELEMENTS
- fixed length control field: 220214|| aca||aabn | a|a d
040 ## - CATALOGING SOURCE
- Original cataloging agency: BD-RjUL
- Transcribing agency: BD-RjUL
100 ## - HEADING--PERSONAL NAME
- Personal name: Mian, Md. Abul Basher, Principal Supervisor
670 ## - SOURCE DATA FOUND
- Source citation: Work cat.: (BD-RjUL)79365: Pervin, Mst. Khurshida 1290, Statistical study of child growth :, 2008